AN OUTLINE OF COMPANY SECRETARIAL PRACTICE (Record no. 89968)
[ view plain ]
| 000 -LEADER | |
|---|---|
| fixed length control field | 00551nam a22001937a 4500 |
| 005 - DATE AND TIME OF LATEST TRANSACTION | |
| control field | 20260120154726.0 |
| 008 - FIXED-LENGTH DATA ELEMENTS--GENERAL INFORMATION | |
| fixed length control field | 260120b |||||||| |||| 00| 0 eng d |
| 020 ## - INTERNATIONAL STANDARD BOOK NUMBER | |
| International Standard Book Number | 9788180545825 |
| 040 ## - CATALOGING SOURCE | |
| Transcribing agency | SGVU LIBRARY |
| 082 ## - DEWEY DECIMAL CLASSIFICATION NUMBER | |
| Classification number | 651.374 1 GHP A |
| 100 ## - MAIN ENTRY--PERSONAL NAME | |
| Personal name | GHOSH P K |
| 9 (RLIN) | 39733 |
| 245 ## - TITLE STATEMENT | |
| Title | AN OUTLINE OF COMPANY SECRETARIAL PRACTICE |
| 250 ## - EDITION STATEMENT | |
| Edition statement | 13TH |
| 260 ## - PUBLICATION, DISTRIBUTION, ETC. | |
| Place of publication, distribution, etc. | NEW DELHI |
| Name of publisher, distributor, etc. | SULTAN CHAND & SONS |
| Date of publication, distribution, etc. | 2009 |
| 300 ## - PHYSICAL DESCRIPTION | |
| Extent | 1.398P |
| Other physical details | PB |
| 650 ## - SUBJECT ADDED ENTRY--TOPICAL TERM | |
| Topical term or geographic name entry element | MANAGEMENT |
| Chronological subdivision | K1619 |
| 9 (RLIN) | 39734 |
| 700 ## - ADDED ENTRY--PERSONAL NAME | |
| Personal name | BALACHANDRAN V |
| 9 (RLIN) | 33238 |
| 942 ## - ADDED ENTRY ELEMENTS (KOHA) | |
| Source of classification or shelving scheme | Dewey Decimal Classification |
| Koha item type | Books |
| Call number prefix | 651.374 1 GHP A |
| Withdrawn status | Lost status | Source of classification or shelving scheme | Damaged status | Not for loan | Home library | Current library | Date acquired | Source of acquisition | Cost, normal purchase price | Total Checkouts | Full call number | Barcode | Date last seen | Cost, replacement price | Price effective from | Koha item type |
|---|---|---|---|---|---|---|---|---|---|---|---|---|---|---|---|---|
| Dewey Decimal Classification | Suresh Gyan Vihar University Library | Suresh Gyan Vihar University Library | 20/01/2026 | LIBRARY | 150.00 | 651.374 1 GHP A | K1619 | 20/01/2026 | 150.00 | 20/01/2026 | Books |




